Feminisms: (Record no. 102120)

MARC details
000 -LEADER
fixed length control field 00755nam a22002297a 4500
005 - DATE AND TIME OF LATEST TRANSACTION
control field 20170315120942.0
010 ## - LCCN (DPL NO)
LC control number 1617EN ENG-116975
020 ## - INTERNATIONAL STANDARD BOOK NUMBER
International Standard Book Number 9781138695689
Terms of availability 1395.00
035 ## - SYSTEM CONTROL NUMBER
System control number B-649664
035 ## - SYSTEM CONTROL NUMBER
System control number EN-100507
037 ## - SOURCE OF ACQUISITION
Stock number DPL
Source of stock number/acquisition UPPAL
037 ## - SOURCE OF ACQUISITION
Source of stock number/acquisition DBAD/PUB
082 ## - DEWEY DECIMAL CLASSIFICATION NUMBER
Classification number 305.4209
245 ## - TITLE STATEMENT
Title Feminisms:
Statement of responsibility, etc ed by Maggie Humm
Remainder of title a reader /
260 ## - PUBLICATION, DISTRIBUTION, ETC. (IMPRINT)
Place of publication, distribution, etc New York
Name of publisher, distributor, etc Routledge
Date of publication, distribution, etc 2016
270 ## - ADDRESS
Address 711 third avenue
City New York
Postal code NY 10017
300 ## - PHYSICAL DESCRIPTION
Extent xx,420p.
Dimensions 24cm(pbk)
500 ## - GENERAL NOTE
General note inculds index
700 ## - ADDED ENTRY--PERSONAL NAME
Personal name Maggie Humm
942 ## - ADDED ENTRY ELEMENTS (KOHA)
Source of classification or shelving scheme Dewey Decimal Classification
Item type English Books
Classification part 305.4209
Call number suffix FEM
Holdings
Withdrawn status Lost status Not for loan Collection code Home library Current library Date acquired Source of acquisition Cost, normal purchase price Full call number Barcode Copy number Cost, replacement price Koha item type
    Not For Loan Non-fiction D.B.Act.Division Bawana 29/12/2016 DBAD/PUB 1395.00 305.4209 FEM EN-100507 1 1395.00 English Books
      Non-fiction Central Library Central Library 15/03/2017 BPPD/EN/2016-17/307/24.11.2016/13925/07.12.2016/02.01.2017 1395.00 305.4209 FEM B-649664 1 1395.00 English Books

© Delhi Public Library
Hit Counter
free hit counter